000
00228nam a2200097Ia 4500
008
220204s9999 xx 000 0 und d
082
_a
82-34
_b
JAP
245
0
_a
Japanes fairy tales
260
_a
Bombay
_b
Somaiya
_c
1962
942
_c
BK
999
_c
31109
_d
31109